000
00267nam a2200097 4500
245
_a
D.J.Enright,Poet of humanism
_c
William Walsh
100
_a
Walsh,William
260
_a
London
_b
Cambridge University Press
_c
c1974
300
_a
viii,107p.; 22cm.
082
_a
821.914
_b
ENR/WAL
999
_c
378
_d
378